Modos de hacer filosofía / (Record no. 63350)

MARC details
000 -LEADER
campo de control de longitud fija 00599nam a2200217 i 4500
001 - NÚMERO DE CONTROL
campo de control 63350
003 - IDENTIFICADOR DE NÚMERO DE CONTROL
campo de control ES-MaACL
005 - FECHA Y HORA DE LA ÚLTIMA TRANSACCIÓN
campo de control 20230906164833.0
007 - CAMPO FIJO DE DESCRIPCIÓN FÍSICA--INFORMACIÓN GENERAL
campo de control de longitud fija t|
008 - DATOS DE LONGITUD FIJA--INFORMACIÓN GENERAL
campo de control de longitud fija 031209s1985 sp ||||1| spa d
020 ## - NÚMERO INTERNACIONAL ESTÁNDAR DEL LIBRO
Número Internacional Estándar del Libro 84-7423-255-4
100 1# - ENTRADA PRINCIPAL--NOMBRE DE PERSONA
Nombre de persona Ferrater Mora, José.
9 (RLIN) 50338
245 10 - MENCIÓN DEL TÍTULO
Título Modos de hacer filosofía /
Mención de responsabilidad, etc. José Ferrater Mora.
260 ## - PUBLICACIÓN, DISTRIBUCIÓN, ETC.
Lugar de publicación, distribución, etc. Barcelona :
Nombre del editor, distribuidor, etc. Crítica,
Fecha de publicación, distribución, etc. 1985.
300 ## - DESCRIPCIÓN FÍSICA
Extensión 177 p. ;
Dimensiones 20 cm.
490 1# - MENCIÓN DE SERIE
Mención de serie Serie general ;
Designación de volumen o secuencia 141
500 ## - NOTA GENERAL
Nota general Indice.
830 0# - PUNTO DE ACCESO ADICIONAL DE SERIE-TÍTULO UNIFORME
Título uniforme Serie general ;
Designación de volumen o secuencia 141
9 (RLIN) 182887
852 ## - LOCALIZACIÓN
Ubicación ES-MaACL
Número de control de estantería L-10433
Sublocalización o colección R.111365
Holdings
Estatus retirado Estado de pérdida Estado de daño No para préstamo Biblioteca de origen Biblioteca actual Ubicación en estantería Fecha de adquisición Fuente de adquisición Total de préstamos Signatura topográfica completa Código de barras Visto por última vez Precio de reemplazo Tipo de ítem Koha
        Biblioteca del Ateneo de Madrid Biblioteca del Ateneo de Madrid Depósito 2 17/01/2008     L-10433 1066402 23/02/2023 23/02/2023 Libro impreso